Pengenalan kepada kulat

Bibliographic Details
Main Author: Webster, John
Other Authors: Sariah Meon
Format: Book
Published: Serdang : Penerbit Universiti Pertanian Malaysia , 1988
Subjects:

MARC

LEADER 00000cam a2200000 7i4500
001 0000003203
005 20050310.0
020 0 0 |a 9679952444 
090 0 0 |a 589. 2   |b WEB 
100 0 0 |a Webster, John 
245 0 0 |a Pengenalan kepada kulat   |c John Webster ; terjemahan, Sariah Meon 
260 0 0 |a Serdang :   |b Penerbit Universiti Pertanian Malaysia ,   |c 1988 
300 |a (xii), 707ms. :   |b il. ;   |c 23cm. 
500 0 0 |a Terjemahan dari: Introduction to fungi. Ed. ke2 Cambridge: Press Syndicate of the University of Cambridge, 1980 
650 0 0 |a Fungi 
650 0 0 |a Mycology 
700 1 1 |a Sariah Meon 
999 |a 0000006138   |b Monograph   |c Open Shelf   |e Default branch